Comentarios sobre documentos de la Cámara de Industrias de Costa Rica y la Cámara de Comercio de Costa Rica /

Wedi'i Gadw mewn:
Manylion Llyfryddiaeth
Prif Awdur: Lizano Fait, Eduardo
Fformat: Texto
Pynciau:
Tagiau: Ychwanegu Tag
Dim Tagiau, Byddwch y cyntaf i dagio'r cofnod hwn!

MARC

LEADER 00000 a a2200000 04500
001 17365
003
040
100 |a Lizano Fait, Eduardo  
245 |a Comentarios sobre documentos de la Cámara de Industrias de Costa Rica y la Cámara de Comercio de Costa Rica /  |c Eduardo Lizano Fait 
650 |a AJUSTE ESTRUCTURAL  
650 |a MERCADO  
650 |a DESARROLLO ECONOMICO  
650 |a LIBERALIZACION DEL INTERCAMBIO  
650 |a COMPETENCIA  
650 |a ESTABILIZACION ECONOMICA  
650 |a ESTADO  
650 |a SECTOR PUBLICO  
650 |a CONSENSO  
650 |a MERCADO  
650 |a ARANCELES  
650 |a TARIFAS  
650 |a TIPO DE CAMBIO  
773 |g número 98; páginas 21-43  
999 |c 22419  |d 22419